New Orleans Pelicans leading scorers each game (2024-2025 season) - Statistics

General Stats
  • This quiz has been taken 13 times
  • The average score is 6 of 16
Answer Stats
# of games Player % Correct
16 Zion Williamson
100%
8 Brandon Ingram
67%
18 CJ McCollum
67%
18 Trey Murphy
67%
1 Yves Missi
50%
4 Dejounte Murray
42%
2 Jose Alvarado
42%
1 Bruce Brown
33%
3 Jordan Hawkins
33%
3 Antonio Reeves
25%
1 Kelly Olynyk
25%
2 Brandon Boston
17%
1 Jamal Cain
17%
2 Karlo Matkovic
8%
1 Keion Brooks Jr.
8%
1 Lester Quinones
0%
No matching quizzes found
Score Distribution
Percent of People with Each Score
Percentile by Number Answered
Your Score History
You have not taken this quiz